Canidés du monde - Statistiques

Statistiques générales
  • Ce quiz a été pris 20 fois
  • Le résultat moyen est 8 sur 36
Statistiques - réponses
Genre Réponse % Correct
Loup
95%
Coyote
65%
Lycaon Lycaon
65%
Renard roux
65%
Fennec
55%
Chacal doré
30%
Nyctereutes Chien viverrin
30%
Chrysocyon Loup à crinière
30%
Otocyon Otocyon
30%
Renard arctique
30%
Cuon Dhole
25%
Loup d'Abyssinie
25%
Speothos Chien des buissons
20%
Chacal à chabraque
15%
Chacal à flancs rayés
15%
Dusicyon Loup des Malouines
15%
Renard de Darwin
15%
Lycalopex Renard de Magellan
15%
Cerdocyon Renard des savanes
15%
Vulpes Renard du Bengale
15%
Renard du Tibet
15%
Renard nain
15%
Renard pâle
15%
Renard véloce
15%
Canis Loup doré
10%
Renard corsac
10%
Renard de Rüppell
10%
Renard du Cap
10%
Renard du désert austral
10%
Urocyon Renard gris d'Amérique
10%
Renard gris d'Argentine
10%
Renard gris insulaire
10%
Atelocynus Chien des buissons aux oreilles courtes
5%
Renard chenu
5%
Renard d'Aszara
5%
Renard de Blanford
5%
Aucun quiz correspondant
Distribution des résultats
% des personnes avec chaque résultat
Percentile par nombre de réponses
Votre historique - résultats
Vous n’avez pas pris ce quiz